000 01241nam a2200121Ia 4500
008 220620s9999||||xx |||||||||||||| ||und||
245 0 _aCharting Spiritual Care
_bThe Emerging Role of Chaplaincy Records in Global Health Care
546 _aEnglish[eng]
650 _aHealth Services Research||Religion and Health||Religion and Psychology||Theory of Medicine/Bioethics||Health Sciences||Sociology of Religion||Psychology of Religion and Spirituality||healthcare chaplaincy||spiritual care||spirituality and health||professionalization of spiritual care||integration of spirituality in health care||electronic medical records (EMR)||pastoral confidentiality||models of recording spiritual care||outcome-oriented chapliancy||digital health||health ethics||religion and health||interprofessional spiritual care||legal and theoretical perspectives||open access||Health systems & services||Religious issues & debates||Psychology||Religion: general||Bioethics||Medicine: general issues
700 _aPeng-Keller, Simon||Neuhold, David
856 _uhttps://library.oapen.org/bitstream/20.500.12657/41284/1/2020_Book_ChartingSpiritualCare.pdf||https://library.oapen.org/bitstream/20.500.12657/41284/1/2020_Book_ChartingSpiritualCare.pdf
942 _cEB
999 _c23831
_d23831